|
|
|
|
| LEADER |
01548nam a2200409Ia 4500 |
| 001 |
EBC990645 |
| 003 |
MiAaPQ |
| 005 |
20200520144314.0 |
| 006 |
m o d | |
| 007 |
cr cn||||||||| |
| 008 |
120323s2012 mduab sb 001 0 eng d |
| 010 |
|
|
|z 2012012408
|
| 020 |
|
|
|z 0739171968
|
| 020 |
|
|
|z 0739171976
|
| 020 |
|
|
|z 9780739171967
|
| 020 |
|
|
|z 9780739171974
|
| 035 |
|
|
|a (MiAaPQ)EBC990645
|
| 035 |
|
|
|a (Au-PeEL)EBL990645
|
| 035 |
|
|
|a (CaPaEBR)ebr10670385
|
| 035 |
|
|
|a (CaONFJC)MIL459402
|
| 035 |
|
|
|a (OCoLC)834136797
|
| 040 |
|
|
|a MiAaPQ
|c MiAaPQ
|d MiAaPQ
|
| 050 |
|
4 |
|a HC445.5
|b .T336 2012
|
| 082 |
0 |
4 |
|a 330.9595
|2 23
|
| 100 |
1 |
|
|a Tajuddin, Azlan,
|d 1961-
|
| 245 |
1 |
0 |
|a Malaysia in the world economy, 1824-2011
|h [electronic resource] :
|b capitalism, ethnic divisions, and "managed" democracy /
|c Azlan Tajuddin.
|
| 260 |
|
|
|a Lanham :
|b Lexington Books,
|c c2012.
|
| 300 |
|
|
|a xvii, 272 p. :
|b ill., maps.
|
| 504 |
|
|
|a Includes bibliographical references (p. [249]-266) and index.
|
| 533 |
|
|
|a Electronic reproduction. Ann Arbor, MI : ProQuest, 2015. Available via World Wide Web. Access may be limited to ProQuest affiliated libraries.
|
| 650 |
|
0 |
|a Economic development
|x Political aspects
|z Malaysia
|x History.
|
| 651 |
|
0 |
|a Malaysia
|x Ethnic relations
|x Economic aspects.
|
| 651 |
|
0 |
|a Malaysia
|x Economic conditions.
|
| 651 |
|
0 |
|a Malaysia
|x History.
|
| 655 |
|
4 |
|a Electronic books.
|
| 710 |
2 |
|
|a ProQuest (Firm)
|
| 856 |
4 |
0 |
|u https://ebookcentral.proquest.com/lib/matrademy/detail.action?docID=990645
|z Click to View
|